แสดงรายละเอียดบรรณานุกรม
  กลับหน้าหลัก

Brief Record : Get Marc (ISO 2709) : E-mail record : QR code ปิดหน้าต่าง
E-books : เกี่ยวกับ Collections
LEADER 00000nama 2200000uu 4500
008    040531s|||| th m m a000 0 tha d
020    974- 8369-44-7
041    tha
050    G860 ท622
100    เทพรัตนราชสุดาฯสยามบรมราชกุมารี,สมเด็จพระ.
245    แอนตาร์กติกาหนาวหน้าร้อน.
250    พิมพ์ครั้งที่ 4.
260    2549. กรุงเทพฯ. อมริทร์พริ้นติ้งแอนด์พับลิชชิ่ง.
300    210หน้า.
440    ชุดเสด็จพระราชดำเนินเยือนต่างประเทศ ลำดับที่ 26.
600    แอนตาร์ติกา--ภูมิประเทศและการท่องเทียว.
650    นิวซีแลนด์.
995    001
รายการนี้ยังไม่มีแท็ก
คุณยังไม่ได้ล็อกอิน คุณสามารถมีกิจกรรมร่วมกับเว็บไซต์ได้ แต่ต้องล็อกอินก่อน ::
  ล็อกอิน
ลำดับที่ ประเภท เลขเรียก สถานที่ สถานะ
1. หนังสือทั่วไป
หนังสือทั่วไป
G860 ท622  
  
หนังสือทั่วไป On Shelf
  ขอยืม
2. หนังสือทั่วไป
หนังสือทั่วไป
G860 ท622  
  
หนังสือทั่วไป On Shelf
  ขอยืม
   [แสดง 2/2 รายการ]

รายการใกล้เคียง
    ผู้แต่ง [เทพรัตนราชสุดาฯสยามบรมราชกุมารี,สมเด็จพระ.]

BibComment


ยังไม่เคยถูกคอมเมนท์

คอมเมนท์ทรัพยากรรายการนี้
  คอมเมนท์: แอนตาร์กติกาหนาวห..
Bib 195621

 
 
 

 Union Library Management : ULibM
Copyright 2026. All Rights Reserved.
скачать бесплатно без регистрации порно красивый секс HD Sex Hindi sex

xxx gou

xxxx

bfxxx

xxxwww

Секса Видео

xxxx

Секса Видео

detube

geilexxx

C99 Shell

worms shell

blod xxx video
Ebony Coed Rihanna Rimes Takes A Dick In Her Young Twat priyaa indian fuck anal and pusssy hardcore indian women xxx desi hardcore fucking part 1 bengalixxxcouple